000 00652nam a2200205Ia 4500
003 GCL
008 140319s9999 xx 000 0 ara d
020 _a2977345977
040 _aGCL /
_cGCL
082 0 4 _a332.63232
_bك س
100 1 _aكويل، برايان
245 1 0 _aالسندات الحكومية /
_cكويل، برايان
260 _aالقاهرة :
_bدار الفاروق للنشر والتوزيع ،
_c2005
300 _a168 ص ؛
_c24 سم
650 0 4 _aالاوراق المالية
650 0 4 _aالبورصات
650 0 4 _aالسندات الحكومية
650 0 4 _aالسندات - تسويق
942 _2ddc
_cBK
999 _c8258
_d8258